00951nam a22002297a 4500003000800000005001700008008004100025020001800066040002300084041001500107041001600122082002200138100001900160245013200179246009200311260004500403300003600448500007300484504003000557650004200587856009200629MIRAKIL20240214165023.0240214b tu ||||| |||| 00| 0 tur d a9789756959954 aTR-AnCHPcTR-AnCHP aTürkçe aİngilizce a739.27bB54c 2015 aBilgi, Hülya10aCevher Jewel =bSadberk Hanım Müzesi koleksiyonundan mineli ve murassa eserler /c[hazırlayan] Hülya Bilgi, İdil Zanbak aCevher Jewel : Enamelled and jewelled objects from the Sadberg Hanım Museum collection aİstanbul :bVehbi Koç Vakfı,c2015. a310 s. :bfotoğ. ;c26x28 cm. aDizin vardır Metin, Türkçe-İngilizce paralel ilerlemektedir.  aKaynakça: 300-303. ss.  0aMücevherlerxMüze koleksiyonları zDijital Nüshası için Partimizin Kütüphane Sorumlusu ile iletişime geçiniz.